• 首页
  • 本馆介绍
  • 公告通知
  • 最新文献
  • 馆藏检索
  • 电子资源
  • 读者导购
  • 参考咨询
  • 我的图书馆
  • 登录
  • 详细信息显示
  • 放入我的书架
  • 预约/预借图书
  • 作者相关作品
  • 分类相关作品
  • 丛书相关作品
  • 出版社相关作品

书目信息

  • 表格格式
  • 工作单格式
  • 卡片格式
题名:
岩矿现代测试技术简明教程
    
 
作者: 廖立兵 , 熊明 , 杨中漪 编
分册:  
出版信息: 北京   地质出版社  2001.8
页数: 108页
开本: 26cm
丛书名:
单 册:
中图分类: P585
科图分类:
主题词: 岩石学 , 岩矿鉴定--测试技术--教材
电子资源:
ISBN: 7-116-03450-1
000 00699nam0 2200229 45
001 0211041580
005 20031219104059.8
010    @a7-116-03450-1@dCNY7.00
100    @a20021104d2001 km y0chiy0120 ea
101 0  @achi
105    @aa z 000yy
200 1  @a岩矿现代测试技术简明教程@AYan Kuang Xian Dai Ce Shi Ji Shu Jian Ming Jiao Cheng@f廖立兵,熊明,杨中漪编@FLiao Li Bing,Xiong Ming,Yang Zhong Yi Bian
210    @a北京@c地质出版社@d2001.8
215    @a108页@c插图@d26cm
606 0  @a岩石学
606 0  @a岩矿鉴定@x测试技术@x教材
690    @aP585@v4
701  0 @a廖立兵@4编
701  0 @a熊明@4编
701  0 @a杨中漪@4编
801    @aCN@bTSTC@c20021104
905    @b316774-778@dP585@e64@f5
    
    岩矿现代测试技术简明教程/廖立兵,熊明,杨中漪编.-北京:地质出版社,2001.8
    108页:插图;26cm
    
    
    ISBN 7-116-03450-1:CNY7.00
    
●
相关链接 在E读中查询图书 在五车中查询图书 在当当中查询图书 在豆瓣中查询图书


正题名:岩矿现代测试技术简明教程     索取号:P585/64         预约/预借

序号 登录号 条形码 馆藏地/架位号 状态 备注
1 0316774   203167740   第三借阅区/ [索取号:P585/64] 在馆    
2 0316775   203167759   第三借阅区/ [索取号:P585/64] 在馆    
3 0316776   203167768   第三借阅区/ [索取号:P585/64] 在馆    
4 0316777   203167777   第三借阅区/ [索取号:P585/64] 在馆    
5 0316778   203167786   第二样本阅览室/ [索取号:P585/64] 在馆    
唐山师范学院图书馆 欢迎您!
大连网信软件有限公司© 版权所有